000 00492nam a22001932 4500
001 0000001457
005 20170406113442.0
008 140113s xx 000 0 eng d
020 _c$
040 _aYour Holding Symbol
_cYour Holding Symbol
100 1 _aEvans,Leslie.
245 1 0 _aChina after Mao.
250 _a ed.
260 _anew york :
_bMonad press,
_c1978.
300 _a191 p. ;
_c cm.
504 _aindex.
650 0 _achina and mao.
908 _a140113
999 _c1370
_d1370